Größte Firmen nach Umsatz - Statistiken

Allgemein
  • Dieses Quiz wurde 278 mal gespielt
  • Das Durchschnittsergebnis liegt bei 5 aus 15
Antwortstatistiken
Rang Erlös 2016 Tipp: Branche Herkunft Firma % Korrekt
7 $236,600,000,000 Automobilproduktion Deutschland Volkswagen Group
89%
9 $233,715,000,000 Technologie USA Apple Inc.
77%
8 $236,592,000,000 Automobilproduktion Japan Toyota Motor Corp
74%
13 $177,440,000,000 Mischkonzern/Technologie Südkorea Samsung Electronics Co. Ltd.
67%
1 $485,870,000,000 Einzelhandel USA Walmart Stores Inc.
65%
5 $272,156,000,000 Öl und Gas UK/Niederlande Royal Dutch Shell PLC.
53%
10 $225,982,000,000 ÖL und Gas UK British Petroleum PLC.
50%
6 $246,204,000,000 Öl und Gas USA Exxon Mobil Corp.
24%
15 $167,227,000,000 Finanzdienstleister China Bank of China
10%
11 $210,821,000,000 Mischkonzern USA Berkshire Hathaway Inc.
4%
3 $299,271,000,000 Öl und Gas China China National Petroleum Corp.
3%
14 $170,497,000,000 Rohstoffhandel Schweiz Glencore PLC
3%
12 $192,487,000,000 Pharmahandel USA McKesson Corp
1%
4 $294,344,000,000 Öl und Gas China Sinopec Group
1%
2 $329,601,000,000 Elektronikversorger China State Grid Corp. of China
1%
Keine übereinstimmenden Quizze gefunden
Verteilung der Resultate
Anzahl Personen mit jedem Resultat
Perzentil nach korrekt beantworteten Fragen
Ihre Resultats-Entwicklung
Sie haben dieses Quiz noch nicht gespielt